Dolganischer Wortschatz

Bibliographic Details
Main Author: Stachowski, Marek (Author)
Format: Book
Language:Polish
PhysicalDescription:264 s. 24 cm
Published: Kraków Uniwersytet Jagielloński 1993
ISBN:8323306184
ISSN:0083-4378
Series:Zeszyty Naukowe Uniwersytetu Jagiellońskiego. Z. 114, Prace Językoznawce 1086

MARC

LEADER 00000nam a2200000 a 4500
001 vtls001162671
003 SK-MaSNL
005 20260301194422.0
008 250414s1993 pl 0 pol
020 |a 8323306184 
035 |a SNK000105581 
040 |a SNK  |b slo  |c SNK  |e AACR2 
041 0 |a pol 
044 |a pl  |c PL 
080 |a 809.438-087  |2 1981 
100 1 |a Stachowski, Marek  |4 aut  |9 523949 
245 1 0 |a Dolganischer Wortschatz  |c Marek Stachowski 
260 |a Kraków  |b Uniwersytet Jagielloński  |c 1993 
300 |a 264 s.  |c 24 cm 
490 0 |a Zeszyty Naukowe Uniwersytetu Jagiellońskiego. Z. 114, Prace Językoznawce  |v 1086  |x 0083-4378 
500 |a Súbež. tit. list lat. 
852 |a Slovenská národná knižnica 
919 |a 83-233-0618-4 
999 |c 881813  |d 883743 
952 |t P60, <04>, [BOOK], {604}  |a SNK  |b SNK  |y VYP  |7 0  |p 17A0061364  |o snkIC 123918  |0 0  |1 0  |4 0  |d 1997-04-17  |l 0  |r 2005-01-01 00:00:00  |w 2026-02-24